000 00448nam a2200169 i 4500
001 81709
003 ES-MaACL
005 20230906174509.0
007 t|
008 041105s1962 sp ||||1| spa d
100 1 _aHuzly, A.
_964871
245 1 0 _aAtlas de Broncoscopia /
_cpor A. Huzzly.
250 _a[1ª ed.].
260 _aBarcelona :
_bSalvat,
_c[1962]
300 _aVIII, 98 p., 30 lám. ;
_c25 cm.
852 _aES-MaACL
_jC-21543
_bR.49989
999 _c81709
_d81709